Informative Molecules in Biological System /

Gorde:
Xehetasun bibliografikoak
Egile nagusia: Ledoux, L. (autor)
Formatua: Liburua
Hizkuntza:ingelesa
Argitaratua: Amsterdam, Holanda : North-Holland, 1971
Gaiak:
Etiketak: Etiketa erantsi
Etiketarik gabe, Izan zaitez lehena erregistro honi etiketa jartzen!

MARC

LEADER 00000nam^a2200000^a^4500
001 000013373
005 20250521000000.0
009 20260310083900.038
037 |a Acervo ITESO - Biblioteca 
041 |a ING 
082 |a 574. 88  |b LED 
100 |a Ledoux, L.  |e (autor) 
245 1 0 |a Informative Molecules in Biological System /  |c L. Ledoux. 
264 1 |a Amsterdam, Holanda :  |b North-Holland,  |c 1971 
300 |a 465 p. 
336 |a texto  |b txt  |2 rdacontenido 
337 |a sin mediación  |b n  |2 rdamedio 
338 |a volumen  |b nc  |2 rdasoporte 
649 |a XX 
650 |a Biología Molecular 
910 |a Fondo General 
920 |a Impresos - Libros 
930 |a Colección General 
905 |a 101 
901 |a 0133730100  |b IT1  |c ACC  |i 013373  |u 20250521 
902 |a https://opac.biblio.iteso.mx/vufind/Record/000013373